| 000 | 00843cam a2200241 a 4500 | ||
|---|---|---|---|
| 001 | 1491905 | ||
| 005 | 19890717144349.9 | ||
| 008 | 880308s1988 nyua b 001 0 eng | ||
| 010 | _a 88007084 | ||
| 020 | _a0824779347 | ||
| 040 |
_aDLC _cDLC _dDLC |
||
| 050 | 0 | 0 |
_aTJ840 _b.S596 1988 |
| 082 | 0 | 0 |
_a621.26 _219 _bSKA |
| 100 | 1 |
_aSkaistis, Stan, _d1920- _96207 |
|
| 245 | 1 | 0 |
_aNoise control of hydraulic machinery / _cStan Skaistis. |
| 260 |
_aNew York : _bM. Dekker, _cc1988. |
||
| 300 |
_avii, 324 p. : _bill. ; _c24 cm. |
||
| 440 | 0 |
_aFluid power and control ; _v8 _96208 |
|
| 504 | _aIncludes bibliographies and index. | ||
| 650 | 0 |
_aHydraulic machinery _xNoise. _96209 |
|
| 942 |
_2ddc _cBB |
||
| 999 |
_c11843 _d11843 |
||